000 00431nam a22001337a 4500
040 _cRUA
082 _aAGR CHE 2001 B026 Or.1
100 _aCHEA, MAKARA.
245 _aCrops situation on alumi soil in svay rieng province ស្ថានភាពដំណាំលើដីជូរ ខរត្តស្វាយរៀង
260 _aPhnom Penh
_bRUA
_c2001
300 _a45p.
_bill.
_c29cm.
856 _u CHEA MAKARA
942 _cAGR
999 _c674
_d674